| 000 | 01021nam0a22002531 4500 | ||
|---|---|---|---|
| 001 | rc\4472025 | ||
| 005 | 20130416165144.8 | ||
| 021 |
_aRU _bРг1288-60 |
||
| 035 | _a(NLR Aleph) 008330301 | ||
| 090 |
_a8812853 _c8812853 |
||
| 100 | _a20130416d1959 |||y0rusy50 ca | ||
| 101 | 0 | _arus | |
| 102 | _aRU | ||
| 105 | _ay z ||||| | ||
| 200 | 1 |
_aРасчет керамических рекуператоров _e(Вспомогат. материалы для дипломного и курсового проектирования) _fМоск. ордена Трудового Красного Знамени ин-т стали им. И.В. Сталина. Кафедра "Металлург. печи" |
|
| 210 |
_aМосква _cБ. и. _d1959 |
||
| 215 |
_a[1], 52 с., 5 л. граф. _d30 |
||
| 300 | _aСтеклогр. | ||
| 700 | 1 |
_aКривандин _bВ. А. _gВладимир Алексеевич |
|
| 801 | 0 |
_aRU _bNLR _gpsbo |
|
| 801 | 1 |
_aRU _bELAR _2rusmarc |
|
| 852 |
_aNLR _j60-8/332 |
||
| 942 | _cBOOK | ||
| 980 | _aNB | ||